Normal view
MARC view
- English-speaking countrie s-- Civilization -- Dictionaries
Entry Topical Term
001 - CONTROL NUMBER
- control field: 130119
003 - CONTROL NUMBER IDENTIFIER
- control field: NUST
005 - DATE AND TIME OF LATEST TRANSACTION
- control field: 20250724111641.0
008 - FIXED-LENGTH DATA ELEMENTS
- fixed length control field: 250724|| aca||aabn | a|a d
040 ## - CATALOGING SOURCE
- Original cataloging agency: NUST
- Transcribing agency: NUST
150 ## - HEADING--TOPICAL TERM
- Topical term or geographic name entry element: English-speaking countrie s-- Civilization -- Dictionaries
670 ## - SOURCE DATA FOUND
- Source citation: Work cat.: (NUST): Qureshi, Prof Basheer Ahmad 130111, Kitabistan's Concise English Dictionary /, [n.d]
